000 00516nam a2200217Ia 4500
003 OSt
005 20220928140743.0
006 a|||||r|||| 00| 0
007 ta
008 220927b |||||||| |||| 00| 0 eng d
024 _a11596
037 _cTextual
040 _aSDCL
_cSDCL
_beng
041 _2eng
_aeng
082 _aX:8, L2
100 _aFoster Douglas
_9497453
245 0 _aManaging for growth
260 _c1972
942 _hX:8, L2
_cTEXL
_2CC
999 _c814014
_d814014